000 00872nam a2200253 a 4500
005 20090710134813.0
008 960808s1997 iaua b 001 0 eng
010 _aENG-94380
020 _a0070080852
_c295.00
020 _a9780070080850
_c295.00
035 _aEN-77913
037 _bDBAD / PUB
040 _adpl
_bEnglish
082 _a512
100 _aSannu Rahi
245 _aAlgebra for IIT-JEE /
_cby Sannu Rahi
260 _aNew Delhi
_bTata McGraw-Hill Publishing
_c2009
270 _a7 West Patel Nagar,
_bNew Delhi
_e110008
300 _aVarious pagings
_c26cm(pbk)
490 _aTata McGraw-Hill's winning we edge series
700 _aMehrotra, R.S.
942 _2ddc
_cEN
_mSUN
_h512
999 _c28138
_d28138